| 000 | 00702nam a2200229 u 4500 | ||
|---|---|---|---|
| 005 | 20220519110502.0 | ||
| 008 | 150601s2012 mx r 000 0 spa d | ||
| 020 | _a9789876292269 | ||
| 035 | _aUPN01000203958 | ||
| 049 | _aCG | ||
| 050 | 4 |
_aGN562 _bR4.2 |
|
| 100 | 1 |
_aRestrepo, Eduardo _937343 |
|
| 245 | 1 | 0 |
_aAntropología y estudios culturales : _bdisputas y confluencias desde la periferia / _cEduardo Restrepo. |
| 260 |
_aBuenos Aires : _bSiglo XXI, _c2012. |
||
| 300 | _a236 p. | ||
| 440 | 0 | _aAntropológicas | |
| 650 | 4 |
_aETNOLOGIA - _zAMERICA _923954 |
|
| 650 | 4 |
_aANTROPOLOGIA - _zAMERICA LATINA _94763 |
|
| 650 | 2 |
_aCultura _zAmérica Latina _912729 |
|
| 905 | _aLibro | ||
| 999 |
_c176059 _d176059 |
||